000 01220nam a22003014a 4500
001 ebr10256619
003 CaPaEBR
006 m u
007 cr cn|||||||||
008 080123s2008 nyu sb 001 0 eng
010 _z 2008003386
020 _z9783110198683 (hardcover : alk. paper)
040 _aCaPaEBR
_cCaPaEBR
035 _a(OCoLC)646770376
050 1 4 _aPC1261
_b.R8778 2008eb
082 0 4 _a455
_222
100 1 _aRussi, Cinzia,
_d1966-
245 1 0 _aItalian clitics
_h[electronic resource] :
_ban empirical study /
_cby Cinzia Russi.
260 _aNew York :
_bMouton de Gruyter,
_c2008.
300 _ax, 300 p. ;
_c24 cm.
490 0 _aTrends in linguistics studies and monographs,
_x1861-4302 ;
_v193
504 _aIncludes bibliographical references (p. [261]-289) and index.
533 _aElectronic reproduction.
_bPalo Alto, Calif. :
_cebrary,
_d2009.
_nAvailable via World Wide Web.
_nAccess may be limited to ebrary affiliated libraries.
650 0 _aItalian language
_xClitics.
655 7 _aElectronic books.
_2local
710 2 _aebrary, Inc.
856 4 0 _uhttp://site.ebrary.com/lib/rucke/Doc?id=10256619
_zAn electronic book accessible through the World Wide Web; click to view
999 _c31182
_d31182